All foreign players Chelsea FC - Statistics

General Stats
  • This quiz has been taken 281 times
    279 since last reset
  • The average score is 88 of 235
Answer Stats
Hint Answer % Correct
Demba Ba
91%
Petr Čech
89%
Didier Drogba
88%
Mateo Kovačić
83%
Michael Essien
82%
Thiago Silva
81%
David Luiz
80%
Eden Hazard
80%
Azpilicueta
79%
Branislav Ivanović
78%
John Obi Mikel
78%
Jorginho
78%
Gianfranco Zola
77%
Andriy Shevchenko
76%
Jacopo Sala
76%
N'Golo Kanté
76%
Christian Pulišić
75%
Kai Havertz
75%
Kevin De Bruyne
75%
Michael Ballack
75%
Diego Costa
74%
Enzo Fernández
74%
Fernando Torres
73%
Arjen Robben
72%
Marcos Alonso
72%
Timo Werner
72%
Willian
72%
Andreas Christensen
71%
Oscar
71%
Ramires
71%
Ricardo Carvalho
71%
Romelu Lukaku
71%
Salomon Kalou
71%
Cesc Fàbregas
70%
Nemanja Matić
70%
Pierre-Emerick Aubameyang
70%
Edouard Mendy
68%
Bosingwa
67%
Hakim Ziyech
67%
Juan Mata
67%
Thibaut Courtois
67%
Kepa
66%
Mo Salah
66%
Mykhaylo Mudryk
66%
Nicolas Anelka
66%
Antonio Rüdiger
65%
Victor Moses
65%
Claude Makélélé
64%
Moisés Caicedo
64%
Nicolas Jackson
64%
Pedro
64%
Robert Sánchez
64%
Hernán Crespo
63%
Eiður Guðjohnsen
62%
Carlo Cudicini
61%
Deco
61%
Álvaro Morata
59%
Samuel Eto'o
59%
Davide Zappacosta
58%
/ Florent Malouda
58%
Marcel Desailly
57%
Radamel Falcao
57%
Paulo Ferreira
56%
Kurt Zouma
55%
Olivier Giroud
55%
Adrian Mutu
54%
Alex
54%
Cucurella
54%
Yossi Benayoun
54%
Yuriy Zhirkov
54%
Wesley Fofana
52%
Abdul Rahman Baba
51%
David Fofana
51%
Fábio Ferreira
51%
Gianluca Vialli
51%
Armando Broja
50%
Benoît Badiashile
50%
Emerson
50%
Jimmy Floyd Hasselbaink
50%
Kalidou Koulibaly
50%
Ruud Gullit
50%
Filipe Luís
49%
George Weah
49%
Gonzalo Higuaín
48%
Juan Cuadrado
48%
Roberto Di Matteo
48%
Didier Deschamps
47%
William Gallas
47%
André Schürrle
46%
Emmanuel Petit
46%
João Félix
46%
Juan Sebastián Verón
46%
Raúl Meireles
46%
Willy Caballero
46%
Malo Gusto
45%
Nathan Aké
45%
Tiemoué Bakayoko
45%
Christopher Nkunku
44%
Tore André Flo
44%
Axel Disasi
43%
Đorđe Petrović
41%
Gustavo Poyet
41%
Asmir Begović
40%
Bertrand Traoré
38%
Ed De Goey
38%
Franco Di Santo
38%
Jesper Grønkjær
38%
Tiago
38%
Alexandre Pato
37%
Dan Petrescu
37%
Mateja Kežman
37%
Michy Batshuayi
37%
Celestine Babayaro
36%
Frank Leboeuf
36%
Marco Van Ginkel
36%
Kenedy
35%
Robert Huth
35%
Jérémie Boga
34%
Tal Ben Haim
34%
Albert Ferrer
33%
Claudio Pizarro
33%
Hilário
33%
Roméo Lavia
33%
Boudewijn Zenden
32%
Marko Marin
32%
Mark Schwarzer
32%
Del Horno
31%
Brian Laudrup
30%
Denis Zakaria
30%
Mikael Forssell
30%
Patrick Van Aanholt
30%
Ricardo Quaresma
29%
Erland Johnsen
28%
Frank Sinclair
28%
Loïc Rémy
28%
Malang Sarr
28%
Mario Melchiot
28%
Mario Stanić
28%
Pierluigi Casiraghi
28%
Lassana Diarra
27%
Lucas Piazón
27%
Maniche
27%
Mark Bosnich
27%
Andrey Santos
26%
Belletti
26%
Dmitriy Kharin
26%
Ian Maatsen
26%
Tomáš Kalas
26%
Lesley Ugochukwu
25%
Oriol Romeu
25%
Saúl
25%
Charly Musonda
24%
Samuele Dalla Bona
24%
Winston Bogarde
24%
Frode Grodås
22%
Jiří Jarošík
22%
Ola Aina
22%
Aleksey Smertin
21%
Khalid Boulahrouz
21%
Christian Panucci
20%
Deivid Washington
20%
Fabio Borini
20%
Gaël Kakuta
20%
Mario Pašalić
20%
Matt Miazga
20%
Jeffrey Bruma
19%
Marco Ambrosio
19%
Gabriele Ambrosetti
17%
Junior Mendes
17%
Christian Atsu
16%
Lucas Bergström
16%
Gabriel Słonina
15%
Tariq Lamptey
15%
Ben Sahar
14%
Michael Mancienne
14%
Miroslav Stoch
14%
Rati Aleksidze
13%
Ângelo
12%
Bjarne Goldbæk
12%
Diego Moreira
12%
Geremi Njitap
12%
Nathan
12%
Slaviša Jokanović
12%
De Lucas
11%
Marcin Bułka
11%
Michael Hector
11%
Eduardo
10%
Émerson Thome
10%
Filipe Oliveira
10%
Nuno Morais
10%
Bernard Lambourde
9%
Gökhan Töre
9%
Jes Høgh
9%
Kenneth Omeruo
9%
Marco Amelia
9%
Matej Delač
9%
Mineiro
9%
Muzzy Izzet
9%
Papy Djilobodji
9%
Christian Cuevas
8%
Karlo Žiger
8%
Kasey Palmer
8%
Laurent Charvet
8%
Mark Stein
8%
Anthony Grant
7%
Craig Forrest
7%
Danilo Pantić
7%
David Mitchell
7%
Kenneth Monkou
7%
Kyle Scott
7%
Magnus Hedman
7%
Pierre Issa
7%
Roy Wegerle
7%
Ulises Dávila
7%
Wallace
7%
Petar Borota
6%
Slobodan Rajković
6%
Ernie Campbell
5%
James Younghusband
5%
Joel Kitamirike
5%
Jürgen Macho
5%
Phil Younghusband
5%
Derek Smethurst
4%
Jakob Kjeldberg
4%
Luca Percassi
4%
Sebastian Kneißl
4%
Valerio Di Cesare
4%
Willy Steffen
4%
Xavier Mbuyamba
4%
Yves Makubu-Makalambay
4%
Nils Middelboe
3%
Anthony Potrac
2%
Frank Mitchell
2%
Ralph Oelofse
2%
Colin Viljoen
1%
No matching quizzes found
Score Distribution
Percent of People with Each Score
Percentile by Number Answered
Your Score History
You have not taken this quiz since the last reset